Heaviest Pokemon by Type - Statistics

General Stats
  • This quiz has been taken 14 times
    4 since last reset
  • The average score is 63 of 108
Answer Stats
Answer % Correct
Avalugg
100%
Buzzwole
100%
Dragonite
100%
Eternatus
100%
Groudon
100%
Guzzlord
100%
Kyogre
100%
Lugia
100%
Mega Dragonite
100%
Mega Metagross
100%
Mega Steelix
100%
Mega Venusaur
100%
Metagross
100%
Primal Groudon
100%
Primal Kyogre
100%
Regigigas
100%
Snorlax
100%
Stakataka
100%
Wailord
100%
Xerneas
100%
Zamazenta-Crowned
100%
Zamazenta Crowned
100%
Zekrom
100%
Zygarde Complete
100%
Aggron
67%
Alolan Golem
67%
Arceus
67%
Celesteela
67%
Coalossal
67%
Dawn Wings Necrozma
67%
Drampa
67%
Giratina Altered
67%
Giratina Origin
67%
Glastrier
67%
Golurk
67%
Gyarados
67%
Hoopa Unbound
67%
Kyurem
67%
Magearna
67%
Mega Gyarados
67%
Melmetal
67%
Mudsdale
67%
Naganadel
67%
Necrozma Dusk Mane
67%
Skeledirge
67%
Terrakion
67%
Ting-Lu
67%
Zacian
67%
Zacian Crowned
67%
Cosmoem
33%
Dialga
33%
Dialga Origin
33%
Forretress
33%
Gouging Fire
33%
Great Tusk
33%
Grimmsnarl
33%
Heatran
33%
Ice Rider Calyrex
33%
Iron Hands
33%
Iron Thorns
33%
Koraidon
33%
Mega Camerupt
33%
Mega Glalie
33%
Mega Scizor
33%
Miraidon
33%
Palkia
33%
Palkia Origin
33%
Palossand
33%
Raging Bolt
33%
Roaring Moon
33%
Stonjourner
33%
Tinkaton
33%
Torterra
33%
Ursaluna
33%
Ursaluna Bloodmoon
33%
Vikavolt
33%
Virizion
33%
Abomasnow
0%
Alolan Exeggutor
0%
Cetitan
0%
Clodsire
0%
Crustle
0%
Dracozolt
0%
Garbodor
0%
Mantine
0%
Mega Abomasnow
0%
Mega Tyranitar
0%
Probopass
0%
Scolipede
0%
No matching quizzes found
Score Distribution
Percent of People with Each Score
Percentile by Number Answered
Your Score History
You have not taken this quiz since the last reset